[Event "GER-ch U14"]
[Site "Willingen"]
[Date "2023.05.31"]
[Round "5"]
[White "Malinowsky, Levi"]
[Black "Fruth, David"]
[Result "1/2-1/2"]
[WhiteElo "2173"]
[BlackElo "1851"]
[PlyCount "117"]
[EventDate "2023.05.27"]
[EventType "swiss"]
[EventRounds "9"]
[EventCountry "GER"]
[SourceTitle "CBM 214 Extra"]
[Source "ChessBase"]
[SourceDate "2023.07.31"]
[SourceVersion "1"]
[SourceVersionDate "2023.07.31"]
[SourceQuality "1"]

1. e4 c6 2. Nf3 d5 3. Nc3 dxe4 4. Nxe4 Nf6 5. Qe2 Nxe4 6. Qxe4 Be6 7. b3 Nd7 8. Bb2 Nf6 9. Qe2 Bf5 10. d4 e6 11. g3 Bd6 12. Bg2 Qc7 13. 0-0 0-0 14. Rad1 Rad8 15. c4 b6 16. Ne5 Bxe5 17. dxe5 Nd7 18. g4 Bg6 19. f4 f5 20. exf6 Nxf6 21. g5 Rxd1 22. Rxd1 Nh5 23. Qxe6+ Kh8 24. Qe5 Qf7 25. Rf1 Bd3 26. Rf3 Re8 27. Qc3 Be4 28. Rf2 Qd7 29. Qd2 Qxd2 30. Rxd2 Bxg2 31. Kxg2 Nxf4+ 32. Kg3 Ne6 33. Rd7 a6 34. h4 Kg8 35. Rd6 b5 36. Rxc6 bxc4 37. bxc4 a5 38. Ra6 Nc5 39. Ra7 g6 40. Rxa5 Nd3 41. Bf6 Re3+ 42. Kg2 Re4 43. Ra8+ Kf7 44. Ra7+ Kg8 45. Rg7+ Kf8 46. Rxh7 Rxc4 47. Kf3 Ra4 48. Ke3 Nf4 49. Rb7 Nd5+ 50. Kf3 Nxf6 51. gxf6 Rxa2 52. Kg4 Ra5 53. Rg7 Rb5 54. Rxg6 Kf7 55. h5 Ra5 56. Kh4 Rb5 57. Rg5 Rb4+ 58. Rg4 Rxg4+ 59. Kxg4 1/2-1/2

[Event "GER-ch U14"]
[Site "Willingen"]
[Date "2023.05.28"]
[Round "2"]
[White "Fruth, David"]
[Black "Grabs, Peter"]
[Result "1-0"]
[WhiteElo "1851"]
[BlackElo "1552"]
[PlyCount "73"]
[EventDate "2023.05.27"]
[EventType "swiss"]
[EventRounds "9"]
[EventCountry "GER"]
[SourceTitle "CBM 214 Extra"]
[Source "ChessBase"]
[SourceDate "2023.07.31"]
[SourceVersion "1"]
[SourceVersionDate "2023.07.31"]
[SourceQuality "1"]

1. e4 e6 2. d4 d5 3. Nc3 Bb4 4. exd5 exd5 5. Bd3 Nf6 6. Nge2 0-0 7. 0-0 Bg4 8. f3 Bh5 9. Nf4 Bg6 10. Nxg6 fxg6 11. Ne2 Re8 12. Bg5 Bd6 13. Qd2 c6 14. Rae1 Nbd7 15. c3 Qc7 16. g3 h6 17. Bxf6 Nxf6 18. Bxg6 Re6 19. Nc1 Rxe1 20. Qxe1 Rd8 21. Rf2 Rd7 22. Re2 Re7 23. Nd3 Rxe2 24. Qxe2 Kf8 25. f4 Qe7 26. Ne5 Nd7 27. Qg4 Bxe5 28. fxe5 Kg8 29. Kg2 Nf8 30. h4 c5 31. Bc2 b5 32. Qf3 Qe6 33. dxc5 Qxe5 34. Bb3 Nd7 35. Qxd5+ Qxd5+ 36. Bxd5+ Kf8 37. c6 1-0

[Event "GER-chT U14"]
[Site "Kelheim"]
[Date "2022.12.29"]
[Round "6"]
[White "Fruth, David"]
[Black "Semling, Julius"]
[Result "0-1"]
[WhiteElo "1976"]
[BlackElo "1915"]
[PlyCount "74"]
[EventDate "2022.12.26"]
[EventType "team-swiss"]
[EventRounds "7"]
[EventCountry "GER"]
[SourceTitle "CBM 212 Extra"]
[Source "ChessBase"]
[SourceDate "2023.03.31"]
[SourceVersion "1"]
[SourceVersionDate "2023.03.31"]
[SourceQuality "1"]
[WhiteTeam "Dresden TU"]
[BlackTeam "Baden-Baden"]
[WhiteTeamCountry "GER"]
[BlackTeamCountry "GER"]

1. e4 c5 2. Nf3 d6 3. d4 cxd4 4. Nxd4 Nf6 5. Nc3 a6 6. Bc4 e6 7. Bg5 b5 8. Bb3 Be7 9. Qf3 Qb6 10. 0-0-0 0-0 11. h4 Bb7 12. a3 Nbd7 13. h5 Rac8 14. Bxf6 Bxf6 15. Nde2 Nc5 16. Kb1 b4 17. axb4 Qxb4 18. h6 Nxe4 19. hxg7 Bxg7 20. Qh5 h6 21. Rh4 Rc5 22. Qg4 Rg5 23. Qf4 Be5 24. Qxe4 Bxe4 25. Rxe4 Qb7 26. g3 Bxc3 27. Nxc3 d5 28. Rh4 Kg7 29. Ne2 Rf5 30. f4 Rd8 31. Rdh1 d4 32. Nc1 d3 33. cxd3 Rb5 34. Rxh6 Rxb3 35. Rh7+ Kf6 36. R1h6+ Ke7 37. Nxb3 Qxb3 0-1

[Event "GER-chT U14"]
[Site "Kelheim"]
[Date "2022.12.27"]
[Round "2"]
[White "Fruth, David"]
[Black "Moldovan, Tatiana"]
[Result "1-0"]
[WhiteElo "1976"]
[BlackElo "1435"]
[PlyCount "71"]
[EventDate "2022.12.26"]
[EventType "team-swiss"]
[EventRounds "7"]
[EventCountry "GER"]
[SourceTitle "CBM 212 Extra"]
[Source "ChessBase"]
[SourceDate "2023.03.31"]
[SourceVersion "1"]
[SourceVersionDate "2023.03.31"]
[SourceQuality "1"]
[WhiteTeam "Dresden TU"]
[BlackTeam "Hohentuebingen"]
[WhiteTeamCountry "GER"]
[BlackTeamCountry "GER"]

1. e4 c5 2. Nf3 a6 3. c3 d5 4. exd5 Qxd5 5. d4 e6 6. Be2 Nf6 7. 0-0 Nc6 8. Na3 cxd4 9. Nxd4 Nxd4 10. cxd4 Be7 11. Bf3 Qd8 12. Nc4 Qc7 13. Ne5 Bd6 14. Bf4 Rb8 15. Rc1 Qe7 16. Bg5 h6 17. Bh4 Bd7 18. Re1 g5 19. Bg3 h5 20. d5 Bb4 21. Nxd7 Qxd7 22. Bxb8 Bxe1 23. Qxe1 0-0 24. dxe6 fxe6 25. Rd1 Qa4 26. Qxe6+ Kg7 27. Be5 Qc2 28. Bxf6+ Rxf6 29. Rd7+ Kg6 30. Bxh5+ Kh6 31. Qxf6+ Kxh5 32. Qh8+ Kg4 33. Qh3+ Kf4 34. Qe3+ Kg4 35. Qf3+ Kh4 36. Qh3# 1-0

[Event "GER-ch U14"]
[Site "Willingen"]
[Date "2022.06.08"]
[Round "5"]
[White "Fruth, David"]
[Black "Kieselbach, Jannik"]
[Result "1-0"]
[WhiteElo "1648"]
[BlackElo "1631"]
[PlyCount "107"]
[EventDate "2022.06.04"]
[EventType "swiss"]
[EventRounds "9"]
[EventCountry "GER"]
[SourceTitle "CBM 208 Extra"]
[Source "ChessBase"]
[SourceDate "2022.07.31"]
[SourceVersion "1"]
[SourceVersionDate "2022.07.31"]
[SourceQuality "1"]

1. e4 c5 2. Nf3 d6 3. d4 cxd4 4. Nxd4 Nf6 5. Nc3 a6 6. Be3 e5 7. Nb3 Be7 8. Qd2 Be6 9. f3 0-0 10. 0-0-0 Nbd7 11. g4 b5 12. Rg1 Nb6 13. Na5 Qc7 14. g5 Nh5 15. Kb1 Nc4 16. Nxc4 bxc4 17. Nd5 Bxd5 18. Qxd5 Rfc8 19. Bh3 Rcb8 20. Bg4 Nf4 21. Bxf4 exf4 22. c3 Ra7 23. h4 Rb5 24. Qd4 Rab7 25. Rg2 a5 26. Ka1 a4 27. a3 Rb8 28. Rdd2 g6 29. h5 Qc5 30. hxg6 hxg6 31. Rh2 Qxd4 32. Rxd4 Rc5 33. Rhd2 Rd8 34. Rd5 Ra8 35. Rxc5 dxc5 36. Rd5 Ra7 37. Bh3 Kg7 38. Rd7 Rxd7 39. Bxd7 Bxg5 40. Bxa4 Kf6 41. Bb5 Ke5 42. Bxc4 f5 43. exf5 Kxf5 44. Kb1 Bd8 45. Kc2 g5 46. Kd3 Ke5 47. Ba6 Kd5 48. Bb7+ Kd6 49. Kc4 Kc7 50. Be4 Kb6 51. a4 Be7 52. b4 Bf8 53. bxc5+ Kc7 54. Kb5 1-0

[Event "GER-ch U14"]
[Site "Willingen"]
[Date "2022.06.07"]
[Round "4"]
[White "Goldinov, Daniel"]
[Black "Fruth, David"]
[Result "0-1"]
[WhiteElo "1626"]
[BlackElo "1648"]
[PlyCount "34"]
[EventDate "2022.06.04"]
[EventType "swiss"]
[EventRounds "9"]
[EventCountry "GER"]
[SourceTitle "CBM 208 Extra"]
[Source "ChessBase"]
[SourceDate "2022.07.31"]
[SourceVersion "1"]
[SourceVersionDate "2022.07.31"]
[SourceQuality "1"]

1. e4 c5 2. c3 d5 3. exd5 Qxd5 4. Nf3 g6 5. Na3 a6 6. d4 Bg4 7. Be2 Bg7 8. 0-0 Nc6 9. h3 Bxf3 10. Bxf3 Qd7 11. dxc5 Qc7 12. Qa4 e6 13. Nc4 Ke7 14. Re1 h6 15. Nb6 Rd8 16. Nd5+ Rxd5 17. Bxd5 Ne5 0-1

[Event "GER-ch U14"]
[Site "Willingen"]
[Date "2022.06.05"]
[Round "2"]
[White "Miller, Elias"]
[Black "Fruth, David"]
[Result "0-1"]
[WhiteElo "1548"]
[BlackElo "1648"]
[PlyCount "74"]
[EventDate "2022.06.04"]
[EventType "swiss"]
[EventRounds "9"]
[EventCountry "GER"]
[SourceTitle "CBM 208 Extra"]
[Source "ChessBase"]
[SourceDate "2022.07.31"]
[SourceVersion "1"]
[SourceVersionDate "2022.07.31"]
[SourceQuality "1"]

1. d4 Nf6 2. c4 g6 3. Nc3 Bg7 4. e4 d6 5. f3 Nbd7 6. Bg5 c6 7. Nh3 Nb6 8. Nf2 Nfd7 9. Qd2 c5 10. d5 Ne5 11. b3 h6 12. Be3 e6 13. 0-0-0 Qf6 14. Kc2 0-0 15. a4 exd5 16. exd5 Bf5+ 17. Bd3 Bxd3+ 18. Nxd3 Nexc4 19. bxc4 Nxc4 20. Ne4 Qe7 21. Qc1 f5 22. Nd2 Nxe3+ 23. Kb1 Nxd1 24. Rxd1 b5 25. axb5 Rfb8 26. Kc2 Rxb5 27. Nc4 Qf6 28. Qa3 Rab8 29. Kd2 Rb3 30. Qc1 Qg5+ 31. Ne3 f4 32. Ng4 Rb2+ 33. Nxb2 Rxb2+ 34. Ke1 Qe7+ 35. Ne3 fxe3 36. Qc4 e2 37. Rc1 Qe3 0-1

[Event "GER-ch U12"]
[Site "Willingen"]
[Date "2021.08.24"]
[Round "3"]
[White "Muendoerfer, Sebastian"]
[Black "Fruth, David"]
[Result "1-0"]
[WhiteElo "1176"]
[BlackElo "1749"]
[PlyCount "75"]
[EventDate "2021.08.22"]
[EventType "swiss"]
[EventRounds "9"]
[EventCountry "GER"]
[SourceTitle "EXT 2022"]
[Source "ChessBase"]
[SourceDate "2021.10.06"]
[SourceVersion "1"]
[SourceVersionDate "2021.10.06"]
[SourceQuality "1"]

1. d4 Nf6 2. c4 g6 3. Nc3 Bg7 4. Nf3 0-0 5. Bg5 d6 6. e3 Nbd7 7. Be2 c5 8. d5 Ng4 9. 0-0 h6 10. Bh4 f5 11. h3 Nge5 12. Nxe5 Nxe5 13. Bg3 a6 14. Qc2 Bd7 15. Rab1 Rb8 16. b3 Qa5 17. Rfc1 b5 18. f4 Nf7 19. Be1 Qa3 20. Nd1 e6 21. cxb5 axb5 22. b4 exd5 23. bxc5 dxc5 24. Qxc5 Qxa2 25. Bf3 Be6 26. Nc3 Bxc3 27. Bxc3 Qc4 28. Qe7 Rfe8 29. Qf6 Kf8 30. Bb4+ Qxb4 31. Rxb4 Rbc8 32. Rxc8 Bxc8 33. Bxd5 Re7 34. Rxb5 Bd7 35. Rb8+ Be8 36. Bxf7 Rxf7 37. Qh8+ Ke7 38. Qxe8+ 1-0

[Event "GER-ch U12"]
[Site "Willingen"]
[Date "2020.10.30"]
[Round "5"]
[White "Navarro Jahnke, Leo"]
[Black "Fruth, David"]
[Result "0-1"]
[WhiteElo "1686"]
[BlackElo "1665"]
[PlyCount "50"]
[EventDate "2020.10.26"]
[EventType "swiss"]
[EventRounds "7"]
[EventCountry "GER"]
[SourceTitle "CBM 199 Extra"]
[Source "ChessBase"]
[SourceDate "2021.01.31"]
[SourceVersion "1"]
[SourceVersionDate "2021.01.31"]
[SourceQuality "1"]

1. d4 Nf6 2. Bf4 c5 3. e3 cxd4 4. exd4 d5 5. c3 Nc6 6. Bd3 a6 7. Nf3 Bg4 8. Nbd2 e6 9. h3 Bh5 10. 0-0 Bd6 11. Bxd6 Qxd6 12. Re1 0-0 13. g4 Bg6 14. Bxg6 hxg6 15. Ne5 Nd7 16. f4 Ndxe5 17. fxe5 Qc7 18. Rf1 f6 19. exf6 Qg3+ 20. Kh1 Qxh3+ 21. Kg1 Qg3+ 22. Kh1 Kf7 23. fxg7+ Kxg7 24. Rxf8 Rxf8 25. Qg1 Rh8+ 0-1

[Event "GER-chT School WK 4"]
[Site "Playchess.com INT"]
[Date "2020.06.16"]
[Round "3.2"]
[White "Fruth, David"]
[Black "Hellenbroich, Helene"]
[Result "1-0"]
[WhiteElo "1573"]
[BlackElo "1640"]
[PlyCount "75"]
[EventDate "2020.06.16"]
[EventType "team-swiss (blitz)"]
[EventRounds "5"]
[EventCountry "GER"]
[SourceTitle "EXT 2021"]
[Source "ChessBase"]
[SourceDate "2020.10.23"]
[SourceVersion "1"]
[SourceVersionDate "2020.10.23"]
[SourceQuality "1"]
[WhiteTeam "Dresden Nexoe Gymn"]
[BlackTeam "Luebeck Katharineum"]
[WhiteTeamCountry "GER"]
[BlackTeamCountry "GER"]

1. e4 e5 2. Nf3 Nf6 3. Nxe5 d6 4. Nf3 Nxe4 5. Nc3 Nf6 6. d4 d5 7. Bd3 Bg4 8. h3 Bh5 9. g4 Bg6 10. Bxg6 hxg6 11. Be3 Ne4 12. Nxe4 dxe4 13. Nd2 f5 14. gxf5 gxf5 15. Qe2 Nc6 16. c3 g6 17. f3 Be7 18. fxe4 fxe4 19. Nxe4 Rh4 20. Nf2 Bg5 21. Bxg5+ Ne7 22. Bxe7 Qxe7 23. Qxe7+ Kxe7 24. Ng4 Re8 25. Kf2 Rf8+ 26. Kg3 Rhh8 27. Rae1+ Kd7 28. Rhf1 Rfg8 29. Nf6+ Kc6 30. Nxg8 Rxg8 31. Rf6+ Kd7 32. Rf7+ Kd8 33. Ree7 g5 34. Rxc7 Ke8 35. Rxb7 a6 36. Ra7 Rh8 37. Rfb7 Rh7 38. Ra8# 1-0

[Event "GER-chT School WK 4"]
[Site "Playchess.com INT"]
[Date "2020.06.16"]
[Round "5.2"]
[White "Fruth, David"]
[Black "Schupp, Lukas"]
[Result "1-0"]
[WhiteElo "1573"]
[BlackElo "1530"]
[PlyCount "53"]
[EventDate "2020.06.16"]
[EventType "team-swiss (blitz)"]
[EventRounds "5"]
[EventCountry "GER"]
[SourceTitle "EXT 2021"]
[Source "ChessBase"]
[SourceDate "2020.10.23"]
[SourceVersion "1"]
[SourceVersionDate "2020.10.23"]
[SourceQuality "1"]
[WhiteTeam "Dresden Nexoe Gymn"]
[BlackTeam "Gernsheim Gymn"]
[WhiteTeamCountry "GER"]
[BlackTeamCountry "GER"]

1. e4 d5 2. exd5 Qxd5 3. Nc3 Qa5 4. d4 c6 5. Bd2 Bf5 6. Bc4 e6 7. Nf3 Qc7 8. 0-0 Nf6 9. Ne5 Be7 10. Bf4 Qd8 11. Nf3 0-0 12. Nh4 Bg6 13. Nxg6 hxg6 14. Re1 Bd6 15. Bxd6 Qxd6 16. Ne4 Nxe4 17. Rxe4 Nd7 18. Qe2 Nf6 19. Rh4 g5 20. Rh3 Qxd4 21. c3 Qd6 22. Rd1 Qe7 23. Qe3 Nd5 24. Bxd5 cxd5 25. Rxd5 Rfd8 26. Qd3 Rxd5 27. Qh7+ 1-0

[Event "GER Pfingstopen U12"]
[Site "Playchess.com INT"]
[Date "2020.06.02"]
[Round "6"]
[White "Fruth, David"]
[Black "Braeutigam, Alexander"]
[Result "1-0"]
[WhiteElo "1687"]
[BlackElo "1682"]
[PlyCount "51"]
[EventDate "2020.06.02"]
[EventType "swiss (blitz)"]
[EventRounds "11"]
[EventCountry "GER"]
[SourceTitle "CBM 197 Extra"]
[Source "ChessBase"]
[SourceDate "2020.09.30"]
[SourceVersion "1"]
[SourceVersionDate "2020.09.30"]
[SourceQuality "1"]

1. e4 c5 2. d4 cxd4 3. c3 d3 4. Bxd3 d6 5. Nf3 Nc6 6. Bb5 Bd7 7. 0-0 a6 8. Bc4 Nf6 9. Re1 Ne5 10. Nxe5 dxe5 11. Bg5 h6 12. Bxf6 exf6 13. Qb3 Qe7 14. Qxb7 Rd8 15. Bxa6 Qc5 16. Rd1 Bc6 17. Rxd8+ Kxd8 18. Qc8+ Ke7 19. Na3 g6 20. Rd1 Bg7 21. Qc7+ Ke6 22. Bc8+ Rxc8 23. Qxc8+ Ke7 24. Rd7+ Ke6 25. Rc7+ Bd7 26. Qxd7# 1-0

[Event "GER Cup Net V4 U2000"]
[Site "Playchess.com INT"]
[Date "2020.05.31"]
[Round "5"]
[White "Fruth, David"]
[Black "Domroese, Michael"]
[Result "1/2-1/2"]
[WhiteElo "1706"]
[BlackElo "1569"]
[PlyCount "96"]
[EventDate "2020.05.31"]
[EventType "swiss (blitz)"]
[EventRounds "9"]
[EventCountry "GER"]
[SourceTitle "EXT 2021"]
[Source "ChessBase"]
[SourceDate "2020.10.23"]
[SourceVersion "1"]
[SourceVersionDate "2020.10.23"]
[SourceQuality "1"]

1. e4 d5 2. exd5 Nf6 3. Nf3 Bg4 4. h3 Bxf3 5. Qxf3 Qxd5 6. Qxd5 Nxd5 7. Bc4 Nb4 8. Na3 e6 9. c3 Nd5 10. Nb5 Na6 11. Nd4 Bd6 12. Bxa6 bxa6 13. 0-0 0-0 14. d3 Rab8 15. Nb3 c5 16. d4 c4 17. Nd2 Rfc8 18. Ne4 Be7 19. Rb1 f5 20. Nd2 a5 21. Re1 Kf7 22. Ra1 Nf4 23. Nf3 Nd3 24. Ne5+ Kg8 25. Nxd3 cxd3 26. Re3 d2 27. Bxd2 Rxb2 28. Rxe6 Rxd2 29. Rxe7 Rxc3 30. Rxa7 Rcc2 31. Rxa5 Rxf2 32. Ra8+ Kf7 33. Ra7+ Kg6 34. Ra6+ Kh5 35. Ra5 Kg6 36. Ra6+ Kh5 37. Ra5 Kh6 38. Rb1 Rxg2+ 39. Kf1 Rh2 40. Rb6+ g6 41. Kg1 Rhd2 42. Rb1 Rxd4 43. Ra6 Rdd2 44. a4 Rg2+ 45. Kh1 Rh2+ 46. Kg1 Rhg2+ 47. Kh1 Rh2+ 48. Kg1 Rhg2+ 1/2-1/2

[Event "GER Cup Net V4 U2000"]
[Site "Playchess.com INT"]
[Date "2020.05.31"]
[Round "4"]
[White "Rose, Daniel"]
[Black "Fruth, David"]
[Result "0-1"]
[WhiteElo "1564"]
[BlackElo "1706"]
[PlyCount "134"]
[EventDate "2020.05.31"]
[EventType "swiss (blitz)"]
[EventRounds "9"]
[EventCountry "GER"]
[SourceTitle "EXT 2021"]
[Source "ChessBase"]
[SourceDate "2020.10.23"]
[SourceVersion "1"]
[SourceVersionDate "2020.10.23"]
[SourceQuality "1"]

1. d4 Nf6 2. c4 g6 3. Nc3 Bg7 4. e4 d6 5. Bd3 0-0 6. Nge2 Nbd7 7. 0-0 c5 8. d5 Ng4 9. f3 Nge5 10. Be3 Nxd3 11. Qxd3 Ne5 12. Qc2 Nxc4 13. Bf2 f5 14. Rab1 fxe4 15. Nxe4 Ne5 16. N2c3 b6 17. b3 Ba6 18. Rfd1 Bb7 19. Ng5 Bc8 20. Be3 Bf5 21. Nge4 Bxe4 22. Nxe4 Qd7 23. Ng5 Bh6 24. Qd2 Bxg5 25. Bxg5 Rxf3 26. Qe2 Rf5 27. Be3 Ng4 28. Rb2 Re5 29. Rd3 Qf5 30. Rbd2 Nxe3 31. Rxe3 Qb1+ 32. Kf2 Rf8+ 33. Kg3 Rg5+ 34. Kh3 Qf5+ 35. g4 Rh5+ 36. Kg3 Qf4+ 37. Kg2 Rxh2+ 38. Kg1 Rxe2 39. Rdxe2 Qxg4+ 40. Kh1 Qh4+ 41. Rh2 Qg4 42. Re1 Qf3+ 43. Rg2 Rf4 44. Kg1 Rg4 45. Ree2 Rxg2+ 46. Rxg2 Qe3+ 47. Rf2 Qc1+ 48. Kg2 Qg5+ 49. Kf1 Qxd5 50. Re2 Qf5+ 51. Ke1 Qb1+ 52. Kf2 h5 53. Rxe7 Qf5+ 54. Kg2 Qg5+ 55. Kf1 Qxe7 56. a3 Qe3 57. b4 h4 58. bxc5 h3 59. cxd6 h2 60. Kg2 Qg1+ 61. Kf3 h1Q+ 62. Kf4 Qgh2+ 63. Kg5 Q1g2+ 64. Kf6 Qf4+ 65. Ke7 Qge4+ 66. Kd7 Qf7+ 67. Kc8 Qee8# 0-1

[Event "GER-ch U18 sf Berlin Online"]
[Site "Playchess.com INT"]
[Date "2020.05.01"]
[Round "6"]
[White "Burkart, Lloyd Shang"]
[Black "Fruth, David"]
[Result "0-1"]
[WhiteElo "1620"]
[BlackElo "1736"]
[PlyCount "76"]
[EventDate "2020.05.01"]
[EventType "swiss (blitz)"]
[EventRounds "13"]
[EventCountry "GER"]
[SourceTitle "CBM 195 Extra"]
[Source "ChessBase"]
[SourceDate "2020.05.31"]
[SourceVersion "1"]
[SourceVersionDate "2020.05.31"]
[SourceQuality "1"]

1. e4 c5 2. Nf3 g6 3. d4 cxd4 4. Nxd4 Bg7 5. Nc3 d6 6. Be3 Nf6 7. Be2 Nc6 8. 0-0 0-0 9. f3 Qb6 10. Rb1 e5 11. Nf5 Qc7 12. Qxd6 Qxd6 13. Nxd6 Rd8 14. Nxc8 Raxc8 15. Rfd1 Nd4 16. Bxd4 exd4 17. Nb5 Rxc2 18. Bf1 a6 19. Nxd4 Rc7 20. Kf2 Rcd7 21. Ke3 Bh6+ 22. f4 Ng4+ 23. Kf3 Nxh2+ 24. Kg3 Nxf1+ 25. Rxf1 Rxd4 26. e5 Rd3+ 27. Kh2 R8d4 28. f5 Rh4+ 29. Kg1 Be3+ 30. Rf2 Rd2 31. Rbf1 Rf4 32. Kh2 Rdxf2 33. Rd1 Rxf5 34. Rd8+ Kg7 35. Rd7 Rg5 36. Rxb7 Rfxg2+ 37. Kh3 R5g3+ 38. Kh4 Bg5# 0-1

[Event "GER-ch U18 sf Berlin Online"]
[Site "Playchess.com INT"]
[Date "2020.05.01"]
[Round "7"]
[White "Fruth, David"]
[Black "Freude, Max"]
[Result "0-1"]
[WhiteElo "1736"]
[BlackElo "1620"]
[PlyCount "110"]
[EventDate "2020.05.01"]
[EventType "swiss (blitz)"]
[EventRounds "13"]
[EventCountry "GER"]
[SourceTitle "CBM 195 Extra"]
[Source "ChessBase"]
[SourceDate "2020.05.31"]
[SourceVersion "1"]
[SourceVersionDate "2020.05.31"]
[SourceQuality "1"]

1. e4 c5 2. d4 cxd4 3. c3 Nf6 4. e5 Nd5 5. cxd4 Nc6 6. Bc4 Nb6 7. Bb3 e6 8. Nf3 Bb4+ 9. Bd2 a5 10. a3 Bxd2+ 11. Nbxd2 a4 12. Bc4 d6 13. exd6 Qxd6 14. Ne4 Qf4 15. Qc2 Nxc4 16. 0-0 0-0 17. Rfe1 Nb6 18. Qc5 Nd7 19. Qc3 Nf6 20. g3 Nxe4 21. gxf4 Nxc3 22. bxc3 Na5 23. Rab1 Nc4 24. Rb4 b5 25. Ra1 Bd7 26. Kg2 Rfc8 27. Kg1 Na5 28. Rc1 Rc4 29. Rxc4 Nxc4 30. Ra1 Rc8 31. Ne1 Nd2 32. Nd3 Rxc3 33. Ne5 Nf3+ 34. Nxf3 Rxf3 35. Rc1 Rd3 36. Rc7 Rxd4 37. Kg2 h6 38. Kf3 Rd6 39. Ke4 f6 40. f3 Bc6+ 41. Ke3 Kh7 42. Ra7 Bd5 43. Rc7 Bc4 44. Rc5 Rd3+ 45. Ke4 Rxa3 46. Rxb5 Bxb5 47. Kd4 Rb3 48. Kc5 a3 49. Kd4 a2 50. Kc5 a1Q 51. Kb6 Bf1+ 52. Kc5 Qc3+ 53. Kd6 Rb6+ 54. Ke7 Qc7+ 55. Kf8 Rb8# 0-1

[Event "GER-ch U18 sf Berlin Online"]
[Site "Playchess.com INT"]
[Date "2020.05.01"]
[Round "11"]
[White "Fruth, David"]
[Black "Tschernatsch, Johannes"]
[Result "0-1"]
[WhiteElo "1736"]
[BlackElo "1803"]
[PlyCount "70"]
[EventDate "2020.05.01"]
[EventType "swiss (blitz)"]
[EventRounds "13"]
[EventCountry "GER"]
[SourceTitle "CBM 195 Extra"]
[Source "ChessBase"]
[SourceDate "2020.05.31"]
[SourceVersion "1"]
[SourceVersionDate "2020.05.31"]
[SourceQuality "1"]

1. e4 c5 2. d4 cxd4 3. c3 dxc3 4. Nxc3 Nc6 5. Nf3 e6 6. Bc4 Nf6 7. 0-0 Qc7 8. Be3 Ng4 9. Nb5 Qb8 10. Qe2 a6 11. Nbd4 Nxe3 12. Qxe3 Be7 13. Nxc6 dxc6 14. Qd4 0-0 15. Rad1 b5 16. Bb3 c5 17. Qd2 Bb7 18. Qd7 Bf6 19. e5 Rd8 20. exf6 Rxd7 21. Rxd7 Bxf3 22. gxf3 gxf6 23. Rfd1 Qf4 24. R1d3 c4 25. R7d4 Qf5 26. Rd8+ Rxd8 27. Rxd8+ Kg7 28. Bd1 Qg5+ 29. Kh1 Qc1 30. Kg2 Qxb2 31. Kg3 Qxa2 32. Rd7 c3 33. Rc7 b4 34. Be2 Qxe2 35. Rc6 c2 0-1